|
|
|
|
| LEADER |
00000nas a2200000 a 4500 |
| 001 |
ssj0000779070 |
| 003 |
WaSeSS |
| 005 |
20200512172242.0 |
| 006 |
m d |
| 007 |
cr n |
| 008 |
900731c19909999xr qr p s 0 0cze c |
| 010 |
|
|
|a 90646321
|z sn 90023468
|
| 022 |
|
|
|l 0862-6111
|y 0862-6111
|
| 035 |
|
|
|a (WaSeSS)ssj0000779070
|
| 040 |
|
|
|a HLS
|b eng
|c HLS
|d HUL
|d DLC
|d NST
|d WAU
|d DLC
|d NST
|d IUL
|d NST
|d DLC
|d IUL
|d OCLCQ
|d WAU
|d OCL
|d NLGGC
|d OCLCQ
|d OCLCF
|d OCLCO
|d OCL
|d COO
|d OCLCA
|d IUL
|d WaSeSS
|
| 041 |
0 |
|
|a cze
|f eng
|
| 042 |
|
|
|a pcc
|
| 043 |
|
|
|a e-cs---
|a e-xr---
|
| 050 |
0 |
0 |
|a DB191
|b .C35
|
| 130 |
0 |
|
|a Český časopis historický (Prague, Czech Republic : 1990)
|
| 210 |
0 |
|
|a Čes. čas. hist.
|
| 222 |
|
0 |
|a Český časopis historický
|
| 245 |
1 |
0 |
|a Český časopis historický
|h [electronic resource] /
|c Československá akademie věd.
|
| 246 |
1 |
|
|i Issues for <2003-> also have English title:
|a Czech historical review
|
| 246 |
1 |
8 |
|a ČČH
|f <2003->
|
| 260 |
|
|
|a Praha :
|b Nakl. Čs. akademie ved,
|c 1990-
|
| 310 |
|
|
|a Quarterly,
|b 1992-
|
| 321 |
|
|
|a Six issues yearly,
|b 1990-1991
|
| 362 |
0 |
|
|a Roč. 88, čís. 1/2-
|
| 500 |
|
|
|a Title from cover.
|
| 506 |
|
|
|a License restrictions may limit access.
|
| 515 |
|
|
|a Issues for 1990- called roč. 88- in continuation of v. 1-50 of a journal of the same name published 1895-1949, and of v. 1-37 of its successor: Československý časopis historický, published 1953-1989.
|
| 546 |
|
|
|a In Czech; table of contents in Czech and English, 1993-
|
| 550 |
|
|
|a Issued by: Historický ústav ČSAV, -1992; and: Historický ústav AV ČR, 1993-
|
| 588 |
|
|
|a Latest issue consulted: Roč. 101, čís. 3 (3/2003).
|
| 650 |
|
0 |
|a History
|v Periodicals.
|
| 650 |
1 |
7 |
|a Geschiedenis.
|2 gtt
|
| 650 |
|
7 |
|a History
|2 fast
|0 (OCoLC)fst00958235
|
| 651 |
|
0 |
|a Czechoslovakia
|x History
|v Periodicals.
|
| 651 |
|
0 |
|a Czech Republic
|x History
|v Periodicals.
|
| 651 |
|
7 |
|a Czech Republic.
|2 fast
|0 (OCoLC)fst01256743
|
| 651 |
|
7 |
|a Czechoslovakia.
|2 fast
|0 (OCoLC)fst01212490
|
| 655 |
|
0 |
|a Electronic journals.
|
| 710 |
2 |
|
|a Historický ústav (Československá akademie věd)
|
| 710 |
2 |
|
|a Historický ústav (Akademie věd České republiky)
|
| 780 |
0 |
0 |
|t Československý časopis historický
|x 0045-6187
|w (DLC) 58021451
|w (OCoLC)1553775
|
| 850 |
|
|
|a CoU
|a DLC
|a InU
|a MH
|a MnU
|a MoU
|a NN
|a NSyU
|a NcD
|a NcU
|a NjP
|a OU
|a PU
|a TxHR
|a ViU
|a WaU
|
| 856 |
4 |
0 |
|z Full text available from Research Library: 01/01/2014 to present
|u https://search.proquest.com/publication/2035922
|